Music Quiz

Random Music or Musical Quiz
Score 0/28 Timer 10:00
0 Plays Today
Musical term Definition % Correct
Facileeasy
71.2%
Affettuosotenderly
69.2%
Possibilepossible
67.3%
Appassionatowith passion
66.3%
Fuocofire
66.3%
Cantandosinging
64.4%
Affrettandohurrying
63.5%
Vocevoice
63.5%
Morendodying away
61.5%
Perdendosidying away
61.5%
Nobilmentenobly
58.7%
Sopraabove
58.7%
Come sopraas above
52.9%
Presto possibileas fast as possible
52.9%
Musical term Definition % Correct
Amabileamiable, pleasant
51%
Nientenothing
51%
L'istessothe same
49%
Come primaas before
48.1%
Sottobelow
45.2%
Veloceswift
41.3%
Sotto vocein an undertone
37.5%
Comeas, similar to
36.5%
Giustoproper, exact
36.5%
L'istesso tempoat the same speed
36.5%
Quasias if, resembling
34.6%
Calandogetting softer, dying away
31.7%
Tempo giustoin strict time
29.8%
Sonororesonant, with rich tone
25%
Remove Ads.
Support Sporcle.
Get the best of Sporcle when you Go Orange. This ad-free experience offers more features, more stats, and more fun while also helping to support Sporcle. Thank you for becoming a member.

You're not logged in!

Compare scores with friends on all Sporcle quizzes.
OR
Log In

Show Comments

Extras

Created Feb 21, 2012ReportNominate
Tags:Musical Quiz

Top Quizzes Today


Score Distribution

Your Account Isn't Verified!

In order to create a playlist on Sporcle, you need to verify the email address you used during registration. Go to your Sporcle Settings to finish the process.

Report this User

Report this user for behavior that violates our Community Guidelines.

Details: